Centre d'Estudis del Mar : programa 1996 - 1997 programa 1996 - 1997
Descripción Física:
[4] f. plegats ; 30 cm
Materias:
Centre d'Estudis del Mar
MARC
| LEADER | 00000nam a2200000Ia 4500 | ||
|---|---|---|---|
| 001 | 19276 | ||
| 008 | 160829s1996 xx 000 0 cat d | ||
| 080 | |a FU-3-40 | ||
| 110 | 2 | |a Centre d'Estudis del Mar |9 52945 | |
| 245 | |a Centre d'Estudis del Mar : |b programa 1996 - 1997 | ||
| 260 | |a Barcelona : |b Diputació de Barcelona. Àrea de Medi Ambient, |c 1996 | ||
| 300 | |a [4] f. plegats ; |c 30 cm | ||
| 650 | |a Centre d'Estudis del Mar | ||
| 710 | |a Barcelona (Catalunya : Província). |b Àrea de Medi Ambient |9 52987 | ||
| 901 | |a Arxiu | ||
| 942 | |n 1 | ||
| 952 | |0 0 |1 0 |4 0 |6 FU340 |7 1 |9 51302 |a Arxiu |b Arxiu |d 2016-12-01 |l 0 |o FU-3-40 |p 19276 |r 2016-12-01 00:00:00 |w 2016-12-01 |y ARXIU | ||
| 999 | |c 55146 |d 55146 | ||